000 00643nam a2200229Ia 4500
003 OSt
005 20221007074805.0
006 a|||||r|||| 00| 0
007 ta
008 221006b |||||||| |||| 00| 0 eng d
024 _a13,941
037 _cTextual
040 _aFLL
_cFLL
_beng
041 _2eng
_aeng
082 _aX.1.N75, L7
100 _aGeusau A.M.A.V. Au.
_9693143
245 0 _aLome convention and a new international economic order
260 _aNetherland
_bA.W. sijthoff Netherland
_c1977
300 _a249p
_ccm.
942 _hX.1.N75, L7
_cTEXL
_2CC
999 _c1153677
_d1153677